| LEADER | 02121nam a22002777a 4500 | ||
|---|---|---|---|
| 003 | GR-PaULI | ||
| 005 | 20220228101618.0 | ||
| 007 | ta | ||
| 008 | 190422s2018 gr o|||f m||| 00| 0 gre d | ||
| 952 | |0 0 |1 0 |2 nlm |4 0 |6 WI_725_ΤΣΙ |7 1 |9 231633 |a MEDI |b MEDI |d 2019-04-22 |i Δ/001605 |l 0 |o WI 725 ΤΣΙ |p 025000175352 |r 2019-04-22 00:00:00 |t 1 |v 2019.00 |w 2019-04-22 |y BKTD | ||
| 952 | |0 0 |1 0 |2 ddc |4 0 |6 616_362000000000000_407_ΤΣΙ |7 0 |9 356993 |a LISP |b LISP |c RES |d 2022-02-28 |i 140585 |l 0 |o 616.362 407 ΤΣΙ |p 025000261873 |r 2022-02-28 00:00:00 |t 2 |w 2022-02-28 |y BKTD | ||
| 999 | |c 140723 |d 140723 | ||
| 040 | |a GR-PaULI |b gre |c GR-PaULI |e AACR2 | ||
| 060 | |a WI 725 | ||
| 082 | |a 616.362 407 |2 23 | ||
| 100 | 1 | |9 175291 |a Τσιαούσης, Γεώργιος Η. |e συγγραφέας | |
| 245 | 1 | 0 | |a Μελέτη των κυτταρικών και μοριακών μηχανισμών διάσπασης της ακεραιότητας του βλεννογόνιου εντερικού φραγμού σε ασθενείς με κίρρωση ήπατος / |c Γεώργιος Η. Τσιαούσης ; Πανεπιστήμιο Πατρών, Σχολή Επιστημών Υγείας, Τμήμα Ιατρικής, Παθολογική Κλινική Πανεπιστημίου Πατρών, Τμήμα Γαστρεντερολογίας-Ηπατολογίας Πανεπιστημίου Πατρών. |
| 260 | |a Πάτρα : |b [χ.ό.], |c 2018. | ||
| 300 | |a 178 σ. : |b φωτ.; |c 30 εκ. | ||
| 500 | |a Μεταπτυχιακό πρόγραμμα σπουδών "Κλινικές - Κλινικοεργαστηριακές ιατρικές ειδικότητες". | ||
| 502 | |a Διατριβή (διδακτορική) -- Πανεπιστήμιο Πατρών, Πάτρα, 2018. | ||
| 504 | |6 Περιλαμβάνει βιβλιογραφία. | ||
| 650 | 4 | |9 55541 |a Ήπαρ |x Κίρρωση | |
| 710 | 1 | |9 32933 |a Πανεπιστήμιο Πατρών |b Σχολή Επιστημών Υγείας |b Τμήμα Ιατρικής |b Τομέας Παθολογικός Ι |b Κλινική Παθολογίας | |
| 942 | |2 nlm |c BKTD | ||
| 998 | |c ΜΑΝΙΑΚΗ |d 2019 | ||